Library Banner

Management & cost accounting (Record no. 24055)

MARC details
000 -LEADER
fixed length control field 00430nam a2200181Ia 4500
001 - CONTROL NUMBER
control field 23840
008 - FIXED-LENGTH DATA ELEMENTS--GENERAL INFORMATION
fixed length control field 140410s9999 xx 000 0 und d
020 ## - INTERNATIONAL STANDARD BOOK NUMBER
International Standard Book Number 1-86152-536-2
040 ## - CATALOGING SOURCE
Transcribing agency PK-LaUMT
082 ## - DEWEY DECIMAL CLASSIFICATION NUMBER
Classification number 657.42
Item number DRU-M
100 ## - MAIN ENTRY--PERSONAL NAME
Personal name Colin Drury
245 ## - TITLE STATEMENT
Title Management & cost accounting
Statement of responsibility, etc Colin Drury
250 ## - EDITION STATEMENT
Edition statement 5th
260 ## - PUBLICATION, DISTRIBUTION, ETC. (IMPRINT)
Place of publication, distribution, etc Australia:
Name of publisher, distributor, etc Business Press,
Date of publication, distribution, etc 2000
300 ## - PHYSICAL DESCRIPTION
Extent 1194 p.
546 ## - LANGUAGE NOTE
Language note EN
942 ## - ADDED ENTRY ELEMENTS (KOHA)
Koha item type Books
Holdings
Withdrawn status Lost status Damaged status Not for loan Home library Current library Date acquired Total Checkouts Full call number Barcode Checked out Date last seen Date checked out Price effective from Koha item type
        UMT Main Campus UMT Main Campus 2014-04-10 1 657.42 DRU-M 27667 2019-12-11 2019-11-27 2019-11-27 2014-04-24 Books